000 00821nam a2200193Ii 4500
003 JO-AjNU
008 230605s9999||||xx |||||||||||||| ||und||
040 _aJO-AjNU
_bara
_erda
_cJO-AjNU
041 _aara
050 1 4 _aLB1025 1986
100 3 _aبوستيك،مارسيل مؤلف/النحاس،محمدبشير مترجم/أحبدو،مليود مراجع,
_eauthor
_917018
245 0 0 _aالعلاقة التربوية=La Relation Educative Par Marcel postic
264 3 1 _aتونس:المنظمة العربية للتربية والثقافة والعلوم،1986
300 _a208ص
336 _atext
_btxt
_2rdacontent
337 _aunmediated
_bn
_2rdamedia
338 _avolume
_bnc
_2rdacarrier
650 4 _aتربية و تعليم-علاقات تربوية-دراسات نفسية-تحليل نفسي
_917019
999 _aA5169
_c8737
_d8737